| 000 | 00449cam a2200169ua 4500 | ||
|---|---|---|---|
| 020 | _c1.25 | ||
| 041 |
_amal _h |
||
| 082 |
_a894.812308 _bVIJ/IT |
||
| 100 | _aVijayanath, Punalur . | ||
| 245 |
_aIthiri poovum othiri mullukalum / _cPunalur Vijayanath. _hTextual Documents |
||
| 260 |
_aThuravoor : _bSree Narasimha Vilasam Book Depot , _c1962. |
||
| 300 | _a112 ; . | ||
| 365 | _a1.25 | ||
| 504 | _a | ||
| 942 | _cBK | ||
| 999 |
_c1218 _d1218 |
||